Former Countries by Flags #2 - Statistics

General Stats
  • This quiz has been taken 37 times
  • The average score is 8 of 16
Answer Stats
Picture Answer % Correct
Empire of Japan
88%
Kingdom of Portugal
82%
Soviet Union
79%
Spanish Empire
79%
Kingdom of Italy
73%
Kingdom of Hungary
70%
Prussia
70%
Austrian Empire
64%
Republic of China
64%
Vichy France
39%
Savoy
27%
Muscovy
21%
Western Roman Empire
18%
Grand Duchy of Tuscany
12%
British East Indian Company
9%
Duchy of Würtemberg
9%
No matching quizzes found
Score Distribution
Percent of People with Each Score
Percentile by Number Answered
Your Score History
You have not taken this quiz